Statistiques concernant Qui a créé ces personnages de littérature ? #3

Cliquez ici pour prendre le quiz!

Statistiques générales

  • Ce quiz a été pris 111 fois
  • Le résultat moyen est 9 sur 20

Statistiques - réponses

HintRéponse% Correct
Le Petit PrinceAntoine de Saint-Exupéry
96%
Julien SorelStendhal
70%
Jane EyreCharlotte Brontë
67%
Willy WonkaRoald Dahl
66%
Jon SnowGeorge R. R. Martin
61%
Tom SawyerMark Twain
58%
Pierre BézoukhovLéon Tolstoï
55%
Monsieur JourdainMolière
55%
CthulhuH. P. Lovecraft
51%
Scarlett O'HaraMargaret Mitchell
47%
Ferdinand BardamuLouis-Ferdinand Céline
40%
Jean-Baptiste GrenouillePatrick Süskind
40%
Percy JacksonRick Riordan
36%
Mary PoppinsPamela L. Travers
29%
Georges DuroyGuy de Maupassant
28%
L'Homme InivsibleH. G. Wells
27%
AlgernonDaniel Keyes
22%
Bernard FrédéricYann Moix
17%
BambiFelix Salten
16%
Christine DaaéGaston Leroux
15%

Distribution des résultats

Percentile par nombre de réponses

% des personnes avec chaque résultat

Votre développement - résultats

Vous n’avez pas pris ce quiz